Statistics for A Vocabulary Words

Click here to take the quiz!

General Stats

  • This quiz has been taken 1,180 times
  • The average score is 16 of 28

Answer Stats

Definition Word % Correct
Job to manage other people's professional financesAccountant
85%
Used to count and add before calculatorsAbacus
82%
Nut of an oak treeAcorn
80%
Person or animal that with pale skin or light hair due to lack of pigmentAlbino
78%
Heard or perceptible by the earAudible
73%
First people to live in AustraliaAborigine
72%
No known name or identityAnonymous
72%
Musical instruments that are not electronically enhanced, relates to soundAcoustic
66%
Feeling of wonder and admirationAwe
65%
Mixture of two or more metals or a metal and a non metalAlloy
64%
Stick to firmlyAdhere
64%
To take revenge for a percieved wrongAvenge
61%
Chemical that reacts with metals and basesAcid
60%
Large ocean birds that have the ability to remain aloft for a lengthy period of timeAlbatross
59%
Group of ships, particularly military vesselsArmada
59%
Fossilized tree resinAmber
58%
Pattern made up of lines and diamonds, found commonly on socks and waistcoatsArgyle
54%
A person who joins with another to carry out a planAccomplice
51%
Large cage for keeping birds inAviary
48%
Extremely sharp or intenseAcute
47%
Common European ViperAdder
46%
Not false or copied, genuine, therefore worthy of beliefAuthentic
42%
Moving quickly or lightlyAgile
42%
More than enoughAmple
37%
Fear of heightsAcrophobia
36%
Having more than one meaningAmbiguous
26%
Kill in large numbersAnnihilate
23%
Common variety of brightly colored quartzAgate
15%

Score Distribution

Percentile by Number Answered

Percent of People with Each Score

Your Score History

You have not taken this quiz